header

Media, monarchy and power (Record no. 22628)

MARC details
000 -LEADER
fixed length control field 01130nam a2200313Ia 4500
082 04 - DEWEY DECIMAL CLASSIFICATION NUMBER
Classification number 305.5222094
100 1# - MAIN ENTRY--AUTHOR NAME
Personal name Blain, Neil,
245 10 - TITLE STATEMENT
Title Media, monarchy and power
260 ## - PUBLICATION, DISTRIBUTION, ETC. (IMPRINT)
Place of publication Bristol :
Name of publisher Intellect,
Year of publication 2003.
300 ## - PHYSICAL DESCRIPTION
Number of Pages v, 216 p. :
Other physical details ill.
650 #0 - SUBJECT ADDED ENTRY--TOPICAL TERM
Topical Term Monarchy
Topical Term Power (Social sciences)
700 1# - ADDED ENTRY--PERSONAL NAME
Personal name O'Donnell, Hugh,
856 40 - ELECTRONIC LOCATION AND ACCESS
Uniform Resource Identifier http://site.ebrary.com/lib/rucke/Doc?id=10023463

No items available.

© 2026 Rongo University
Contact us: librarian | system librarian | Rongo university